| 000 | 00805nam a2200217 a 4500 | ||
|---|---|---|---|
| 001 | 13820 | ||
| 003 | BD-JhCC | ||
| 005 | 20240417100108.0 | ||
| 008 | 240415b20092010bg |||| ||a| 000 0 ben d | ||
| 035 | _a(BD-JhCC)13820 | ||
| 040 |
_aBD-JhCC _dBD-JhCC |
||
| 041 | _aBengali | ||
| 082 |
_a297.01 _bMOS 2010 |
||
| 100 | _a মোশাররফ,ড.ইঞ্জিনিয়ার | ||
| 245 |
_aকুরআন-হাদীসের আলোকে মুসলিম পুরুষ ও মহিলাদের করণীয়-বর্জনীয় / _cড.ইঞ্জিনিয়ার মোশাররফ । |
||
| 260 |
_aঢাকা: _bমাহির প্রিন্টার্স; _c2010. |
||
| 300 |
_a368 p. : _c22 cm. |
||
| 650 | _aIslam | ||
| 942 |
_2ddc _cBK |
||
| 999 |
_c13820 _d13820 |
||